000 00902nas a2200301 4500
001 BR0400647
003 BR-BrBNA
005 20231205104321.0
007 ta
008 230509b bl.|||p| |||| 00| 00por d
040 _aBR-BrBNA
_bpor
_cBiblioteca Nacional de Agricultura
041 _a(En)
072 _aP35
100 1 _aMartins, A.L.C.
100 1 _aBataglia, O.C.
100 1 _aCamargo, O.A. de
245 1 _aCopper, nickel and zinc phytoavailability in an oxisol amended with sewage sludge and liming
650 _aMILHO
650 _aLATOSSOLO VERMELHO
650 _aMETAL PESADO
650 _aEXTRAÇÃO
650 _aLODO RESIDUAL
650 _aCALAGEM
650 _aDISPONIBILIDADE DE NUTRIENTE
773 0 _tScientia Agrícola (Brazil)
_xISSN 0103-9016
_g(Oct-Dec 2003), v. 60(4) p. 747-754
_wBR0400647
909 _a202311
_bLúcia
_c55
_dLúcia Elande
942 _2AGRIS
_n0
_cANA
999 _c177528
_d177528